000 00387nam a2200133Ia 4500
008 151001s9999||||xx |||||||||||||| ||und||
100 _aमहावीरप्रसाद द्विवेदी
245 _aअतीत के झरोखे
250 _a1
260 _bअनुराग प्रकाशन
260 _c2006
300 _a94
365 _b21
999 _c990594
_d990591